Online
Catalog

Cómo hacer que funcione la globalización / (Record no. 46090)

MARC details
000 -CABECERA
campo de control de longitud fija 00938nam a2200277 u 4500
001 - NÚMERO DE CONTROL
campo de control 000046601
005 - FECHA Y HORA DE LA ÚLTIMA TRANSACCIÓN
campo de control 20250911101057.0
008 - DATOS DE LONGITUD FIJA--INFORMACIÓN GENERAL
campo de control de longitud fija 170125s2006 mx r 001 0 eng d
020 ## - NÚMERO INTERNACIONAL ESTÁNDAR DEL LIBRO
Número Internacional Estándar del Libro 9707707321
040 ## - FUENTE DE LA CATALOGACIÓN
Centro catalogador/agencia de origen DO-SdBNP
-- spa
Centro/agencia transcriptor BNPHU
082 ## - NÚMERO DE LA CLASIFICACIÓN DECIMAL DEWEY
Número de clasificación 337
Número de documento/Ítem S855c
100 1# - ENTRADA PRINCIPAL--NOMBRE DE PERSONA
Nombre de persona Stiglitz, Joseph E.
Fechas asociadas al nombre 1943-
9 (RLIN) 74581
240 10 - TÍTULO UNIFORME
Título uniforme Making globalization work
Lenguaje de la obra Español
245 10 - MENCIÓN DE TÍTULO
Título Cómo hacer que funcione la globalización /
Mención de responsabilidad, etc. Joseph E. Stiglitz ; traducción de Amado Diéguez y Paloma Gómez Crespo.
260 ## - PUBLICACIÓN, DISTRIBUCIÓN, ETC.
Lugar de publicación, distribución, etc. México :
Nombre del editor, distribuidor, etc. Taurus,
Fecha de publicación, distribución, etc. 2006.
300 ## - DESCRIPCIÓN FÍSICA
Extensión 433 p. ; :
Otras características físicas il. ;
Dimensiones 26 cm.
490 1# - MENCIÓN DE SERIE
Mención de serie Pensamiento
500 ## - NOTA GENERAL
Nota general Incluye índice
500 ## - NOTA GENERAL
Nota general Incluye datos biográficos del autor en la solapa de la cubierta
650 #0 - PUNTO DE ACCESO ADICIONAL DE MATERIA--TÉRMINO DE MATERIA
Término de materia o nombre geográfico como elemento de entrada Globalización
9 (RLIN) 1524
650 #0 - PUNTO DE ACCESO ADICIONAL DE MATERIA--TÉRMINO DE MATERIA
Término de materia o nombre geográfico como elemento de entrada
9 (RLIN) 74582
700 12 - PUNTO DE ACCESO ADICIONAL--NOMBRE DE PERSONA
Nombre de persona Diéguez, Amado
Término indicativo de función/relación tr.
9 (RLIN) 74583
700 12 - PUNTO DE ACCESO ADICIONAL--NOMBRE DE PERSONA
Nombre de persona Gómez Crespo, Paloma
Término indicativo de función/relación tr.
9 (RLIN) 74584
830 #0 - PUNTO DE ACCESO ADICIONAL DE SERIE-TÍTULO UNIFORME
Título uniforme Pensamiento
9 (RLIN) 9245
830 #0 - PUNTO DE ACCESO ADICIONAL DE SERIE-TÍTULO UNIFORME
Título uniforme Pensamiento
9 (RLIN) 9245

No items available.

Powered by Koha